000 00936cpcaa22002537a 4500
001 mm 83004194
003 DLC
005 20260227111718.0
008 830127|||||||||||| fre
010 _amm 83004194
040 _aDLC
_cDLC
_edacs
_dDLC
072 7 _aC
_2lcmd
245 0 0 _aMemoire sur les Démêlés de la France avec l'Angleterre aux Indes Orientales, a la coste d'Afrique et dans l'Amérique septentrionale,
_f1754.
300 _a1
_fitem.
506 0 _aOpen to research.
546 _aCollection material in French.
580 _aForms part of: Miscellaneous Manuscripts collection.
651 0 _aAfrica
_xHistory, Naval.
651 0 _aFrance
_xHistory, Naval.
651 0 _aGreat Britain
_xHistory, Naval.
651 0 _aNorth America
_xHistory, Naval.
999 _c43889
_d43889